| 000 | 00465nam a2200157 a 4500 | ||
|---|---|---|---|
| 001 | 000021902 | ||
| 005 | 20200930011510.0 | ||
| 008 | 100914s1977 dr c 000 0 spa d | ||
| 040 |
_aDO-SdBNP _bspa _cBNPHU |
||
| 082 |
_axxx _bT233q |
||
| 100 | 1 |
_aTaveras Guzmán, Juan Aristides _919961 |
|
| 245 | 1 | 3 |
_aLa IV república, la de Balaguer / _cJuan Aristides Taveras Guzmán. |
| 260 |
_aSanto Domingo : _bPadilla, _c1977. |
||
| 300 |
_a163 p. ; _c23 cm. |
||
| 049 | _aBNPD | ||
| 999 |
_c21400 _d21400 |
||